000 00463cam a2200181ua 4500
001 3001
008 110921n ii |||gr||||Z||||||asm
040 _cMAIN
082 _a920
100 1 _aBezbarua, Lakshminath,
_eAuthor.
245 1 1 _aMor Jivan Sowaran
_cby Lakshminath Bezbaroa
250 _a2nd.
260 _aGuahati:
_bAssam Sahitya sabha,966.
300 _a163p:
_c23cm.
653 _aBiography
653 _aBiography of Mor Jivan Sowaran
942 _cBK
999 _c2849
_d2849